Detalles MARC
| 000 -LEADER |
| fixed length control field |
02064nam a2200397Ia 4500 |
| 001 - CONTROL NUMBER |
| control field |
DIGANR0080 |
| 006 - FIXED-LENGTH DATA ELEMENTS--ADDITIONAL MATERIAL CHARACTERISTICS |
| fixed length control field |
m d |
| 007 - PHYSICAL DESCRIPTION FIXED FIELD--GENERAL INFORMATION |
| fixed length control field |
cr ||||||||||| |
| 008 - FIXED-LENGTH DATA ELEMENTS--GENERAL INFORMATION |
| fixed length control field |
950616s1993 sp b 000 0 spa d |
| 035 ## - SYSTEM CONTROL NUMBER |
| System control number |
(OCoLC)654366947 |
| 040 ## - CATALOGING SOURCE |
| Original cataloging agency |
DGITA |
| Language of cataloging |
eng |
| Description conventions |
pn |
| Transcribing agency |
DGITA |
| 043 ## - GEOGRAPHIC AREA CODE |
| Geographic area code |
e-sp--- |
| 050 #4 - LIBRARY OF CONGRESS CALL NUMBER |
| Classification number |
PQ6601.Y3 |
| 245 00 - TITLE STATEMENT |
| Title |
Francisco Ayala : |
| Remainder of title |
antología de su producción literaria / |
| Statement of responsibility, etc. |
por Carolyn Richmond ... [et al.] |
| 264 #1 - PRODUCTION, PUBLICATION, DISTRIBUTION, MANUFACTURE, AND COPYRIGHT NOTICE |
| Place of production, publication, distribution, manufacture |
Barcelona : |
| Name of producer, publisher, distributor, manufacturer |
Editorial Anthropos, |
| Date of production, publication, distribution, manufacture, or copyright notice |
1993. |
| 300 ## - PHYSICAL DESCRIPTION |
| Extent |
1 online resource (119 p.) |
| 336 ## - CONTENT TYPE |
| Content type term |
text |
| Content type code |
txt |
| Source |
rdacontent |
| 337 ## - MEDIA TYPE |
| Media type term |
computer |
| Media type code |
c |
| Source |
rdamedia |
| 338 ## - CARRIER TYPE |
| Carrier type term |
online resource |
| Carrier type code |
cr |
| Source |
rdacarrier |
| 490 1# - SERIES STATEMENT |
| Series statement |
Anthropos : revista de documentación científica de la cultura, |
| International Standard Serial Number |
1130-2089. |
| Series statement |
Suplementos: Materiales de trabajo intelectual; |
| Volume/sequential designation |
40. |
| Series statement |
Antologías temáticas |
| 500 ## - GENERAL NOTE |
| General note |
"Septiembre 1993" --P. [2] of cover. |
| 500 ## - GENERAL NOTE |
| General note |
Este Suplemento complementa el no 139 (diciembre 1992) de la Revista Anthropos dedicado a este autor" -- from publisher |
| 504 ## - BIBLIOGRAPHY, ETC. NOTE |
| Bibliography, etc. note |
Includes bibliographical references. |
| 505 0# - FORMATTED CONTENTS NOTE |
| Formatted contents note |
Presentación / Carolyn Richmond -- Antología de textos: Reflejos artísticos: narración, inspiración, invención -- Autorreflexiones del Ayala escritor -- Documentación: Francisco Ayala: una bibliografía / José A. Fortes, Juan A. Hernández y M. Sánchez Garrido -- Historia intelectual. Años 1920-1930 -- Bibliografía de Francisco Ayala -- Bibliografía sobre Francisco Ayala. |
| 600 10 - SUBJECT ADDED ENTRY--PERSONAL NAME |
| Personal name |
Ayala, Francisco, |
| Dates associated with a name |
1906-2009 |
| Title of a work |
Selections. |
| Date of a work |
1993 |
| 650 #0 - SUBJECT ADDED ENTRY--TOPICAL TERM |
| Topical term or geographic name entry element |
Spanish literature |
| Chronological subdivision |
20th century. |
| 655 #7 - INDEX TERM--GENRE/FORM |
| Genre/form data or focus term |
Periodicals. |
| Source of term |
lcgft |
| 700 1# - ADDED ENTRY--PERSONAL NAME |
| Personal name |
Richmond, Carolyn. |
| 700 1# - ADDED ENTRY--PERSONAL NAME |
| Personal name |
Ayala, Francisco, |
| Dates associated with a name |
1906-2009. |
| 791 2# - |
| -- |
Digitalia (Firm), |
| -- |
distributor. |
| 793 0# - |
| -- |
Digitalia e-journal Collection: |
| -- |
Anthropos |
| 830 #0 - SERIES ADDED ENTRY--UNIFORM TITLE |
| Uniform title |
Anthropos (Barcelona, Spain). |
| Name of part/section of a work |
Suplementos ; |
| Volume/sequential designation |
40. |
| 830 #0 - SERIES ADDED ENTRY--UNIFORM TITLE |
| Uniform title |
Anthropos (Barcelona, Spain). |
| Name of part/section of a work |
Suplementos. |
| -- |
Antologías temáticas. |
| 856 40 - ELECTRONIC LOCATION AND ACCESS |
| Materials specified |
Digitalia Hispánica |
| Uniform Resource Identifier |
<a href="https://www.digitaliapublishing.com/a/3711/">https://www.digitaliapublishing.com/a/3711/</a> |
| 942 ## - ADDED ENTRY ELEMENTS (KOHA) |
| Koha item type |
Recurso Electrónico |